[Event "CRO-ch U13"]
[Site "Trogir"]
[Date "2020.08.28"]
[Round "8"]
[White "Vlainic, Leon"]
[Black "Fiolic, Luka"]
[Result "1/2-1/2"]
[WhiteElo "1356"]
[BlackElo "1252"]
[PlyCount "27"]
[EventDate "2020.08.24"]
[EventType "swiss"]
[EventRounds "9"]
[EventCountry "CRO"]
[SourceTitle "CBM 198 Extra"]
[Source "ChessBase"]
[SourceDate "2020.11.30"]
[SourceVersion "1"]
[SourceVersionDate "2020.11.30"]
[SourceQuality "1"]

1. e4 c5 2. Nf3 e6 3. d4 cxd4 4. Nxd4 Nc6 5. Nc3 Qc7 6. Bd3 Nxd4 7. Be3 e5 8. 0-0 Nf6 9. f4 Bc5 10. Na4 0-0 11. Nxc5 Qxc5 12. c3 d5 13. fxe5 Bg4 14. Qd2 1/2-1/2